000 01174nam a22003137a 4500
003 CHAP
005 20220329134735.0
008 971013s1980 r 00010 d
010 _a25090
011 _a26062
035 _a30162
040 _cCHAP
082 _a323.554
_bI5
110 _aInstituto Interamericano de Ciencias Agrícolas de la OEA.
_959209
245 _aRural women
_b: a caribbean bibliography with special reference to Jamaica
260 _aSan José, Costa Rica :
_bInstituto Interamericano de Ciencias Agrícolas de la OEA,
_c1980
300 _a29 p
490 _aSeries on agricultural information and documentation
_v; 82
590 _aBATCH-UPD
_b10
_c20130110
_lUCH01
_h0157
590 _aBATCH-UPD
_b10
_c20130110
_lUCH01
_h2330
590 _aBATCH-UPD
_b10
_c20130409
_lUCH01
_h2159
590 _aBATCH-UPD
_b10
_c20130914
_lUCH01
_h1833
590 _aCONVERSION
_b10
_c20130109
_lUCH01
_h1315
650 1 4 _aMujer en comunidades rurales
_xBibliografía.
_979364
830 0 _aSeries on agricultural information and documentation
_v; 82
_9105145
901 _aBK
942 _cLIBRO
949 _a323.554 I5
_bBC
_cC
_d33724000529277
_eC
_h60297
_i30162
_mD
_si
999 _c25090
_d25090